<?xml version="1.0" encoding="UTF-8"?>
<record
    xmlns:xsi="http://www.w3.org/2001/XMLSchema-instance"
    xsi:schemaLocation="http://www.loc.gov/MARC21/slim http://www.loc.gov/standards/marcxml/schema/MARC21slim.xsd"
    xmlns="http://www.loc.gov/MARC21/slim">

  <leader>01071nam a22001577a 4500</leader>
  <controlfield tag="005">20241025130533.0</controlfield>
  <controlfield tag="008">241025b           ||||| |||| 00| 0 eng d</controlfield>
  <datafield tag="020" ind1=" " ind2=" ">
    <subfield code="a">9780323675291</subfield>
  </datafield>
  <datafield tag="050" ind1=" " ind2=" ">
    <subfield code="a">RT82.8.Z47</subfield>
  </datafield>
  <datafield tag="100" ind1=" " ind2=" ">
    <subfield code="9">Zerwekh, JoAnn.</subfield>
  </datafield>
  <datafield tag="245" ind1=" " ind2=" ">
    <subfield code="a">Women's health nurse practitioner and midwifery: certification review /</subfield>
    <subfield code="c">JoAnn Zerwekh</subfield>
  </datafield>
  <datafield tag="260" ind1=" " ind2=" ">
    <subfield code="a">St. Louis :</subfield>
    <subfield code="b">Elsevier,</subfield>
    <subfield code="c">2022.</subfield>
  </datafield>
  <datafield tag="300" ind1=" " ind2=" ">
    <subfield code="a">xiii, 211 p. :</subfield>
    <subfield code="b">ill. ;</subfield>
    <subfield code="c">28 cm.</subfield>
  </datafield>
  <datafield tag="505" ind1=" " ind2=" ">
    <subfield code="a">Contents: Test-taking strategies -- Part I: Physical assessment and diagnostic tests: Physical assessment -- Diagnostic tests -- Part II: Gynecology and family planning: Gynecology -- Part III: Obstetrics: Antepartum -- Intrapartum (midwifery only) -- Postpartum -- Neonatal care (midwifery only) -- Part IV: Primary care: Health promotion and maintenance -- Cardiovascular -- Respiratory -- head, eyes, nose, and throat (HEENT) -- Integumentary -- Endocrine -- Musculoskeletal -- Neurology -- Gastrointestinal and liver -- Hematologhy -- Urinary -- Mental health -- Part V: Professional issues (WHNP only). </subfield>
  </datafield>
  <datafield tag="942" ind1=" " ind2=" ">
    <subfield code="2">lcc</subfield>
    <subfield code="c">BK</subfield>
  </datafield>
  <datafield tag="999" ind1=" " ind2=" ">
    <subfield code="c">10461</subfield>
    <subfield code="d">17961</subfield>
  </datafield>
  <datafield tag="952" ind1=" " ind2=" ">
    <subfield code="0">0</subfield>
    <subfield code="1">0</subfield>
    <subfield code="2">lcc</subfield>
    <subfield code="4">0</subfield>
    <subfield code="7">0</subfield>
    <subfield code="a">WIUC-1</subfield>
    <subfield code="b">WIUC-1</subfield>
    <subfield code="c">NURS L.</subfield>
    <subfield code="d">2024-10-25</subfield>
    <subfield code="o">RT82.8.Z47</subfield>
    <subfield code="p">NURS/954/134/24</subfield>
    <subfield code="r">2024-10-25 00:00:00</subfield>
    <subfield code="t">1</subfield>
    <subfield code="w">2024-10-25</subfield>
    <subfield code="y">BK</subfield>
  </datafield>
  <datafield tag="952" ind1=" " ind2=" ">
    <subfield code="0">0</subfield>
    <subfield code="1">0</subfield>
    <subfield code="2">lcc</subfield>
    <subfield code="4">0</subfield>
    <subfield code="7">0</subfield>
    <subfield code="a">WIUC-1</subfield>
    <subfield code="b">WIUC-1</subfield>
    <subfield code="c">NURS L.</subfield>
    <subfield code="d">2024-10-25</subfield>
    <subfield code="l">0</subfield>
    <subfield code="o">RT82.8.Z471</subfield>
    <subfield code="p">NURS/955/135/24</subfield>
    <subfield code="r">2024-10-25 00:00:00</subfield>
    <subfield code="t">2</subfield>
    <subfield code="w">2024-10-25</subfield>
    <subfield code="y">BK</subfield>
  </datafield>
</record>
